[Event "4NCL Online Division 2"]
[Site "online"]
[Date "2020.04.28"]
[Round "4.133"]
[White "Bennett, John M"]
[Black "McHugh, Kevin"]
[Result "1/2-1/2"]
[WhiteElo "1995"]
[BlackElo "2013"]
[PlyCount "113"]
[EventDate "2020.04.28"]
[WhiteTeam "Streatham A"]
[BlackTeam "St Benildus A"]

1. d4 Nf6 2. Bg5 Ne4 3. Bf4 d5 4. e3 c5 5. Bd3 Nf6 6. Nf3 Nc6 7. Nbd2 Bg4 8. c3
e6 9. O-O Bd6 10. dxc5 Bxc5 11. b4 Bd6 12. h3 Bh5 13. b5 Ne7 14. Qa4 O-O 15.
Bg5 Bxf3 16. Nxf3 Ng6 17. Bxg6 fxg6 18. c4 dxc4 19. Qxc4 Qc8 20. Qd3 Qc5 21.
Rac1 Qd5 22. Rfd1 Qxd3 23. Rxd3 Rad8 24. Rcd1 Be7 25. e4 h6 26. Bxf6 gxf6 27.
Rd7 Kf7 28. Kf1 Ke8 29. Rxd8+ Bxd8 30. e5 f5 31. Rd6 Be7 32. Rd4 Bc5 33. Rc4
Bb6 34. Rh4 h5 35. Rc4 Kd7 36. Ng5 Rd8 37. f4 Ke7 38. Ke2 Rd5 39. a4 Rc5 40.
Rxc5 Bxc5 41. Kd3 Bf2 42. Nf3 Bb6 43. Nd4 Bxd4 44. Kxd4 Kd7 45. Kc5 b6+ 46. Kd4
Ke7 47. g3 Kd7 48. Ke3 Ke7 49. Kf3 Kf7 50. h4 Ke7 51. Ke3 Kd7 52. Kd4 Kc7 53.
Kc4 Kb7 54. Kd4 Kc7 55. Kc4 Kb7 56. Kd4 Kc7 57. Kc4 1/2-1/2

[Event "4NCL Online Division 2"]
[Site "online"]
[Date "2020.04.28"]
[Round "4.134"]
[White "Lyons, Brendan"]
[Black "Horton, Justin"]
[Result "1/2-1/2"]
[WhiteElo "1941"]
[BlackElo "2058"]
[PlyCount "64"]
[EventDate "2020.04.28"]
[WhiteTeam "St Benildus A"]
[BlackTeam "Streatham A"]

1. e4 e5 2. d4 exd4 3. c3 Qe7 4. Qe2 d5 5. exd5 Nf6 6. Bg5 Qxe2+ 7. Nxe2 Nxd5
8. Nxd4 Bc5 9. Nb3 Be7 10. Bxe7 Kxe7 11. N1d2 Nc6 12. Bc4 Nb6 13. O-O-O Nxc4
14. Nxc4 Be6 15. Rhe1 Rhd8 16. Nc5 Rxd1+ 17. Kxd1 Rd8+ 18. Kc2 b6 19. Nxe6 fxe6
20. Ne5 Nxe5 21. Rxe5 Rd5 22. Re3 Rf5 23. f3 h5 24. Re4 g6 25. Kd3 Rd5+ 26. Rd4
c5 27. Rxd5 exd5 28. h4 Kf6 29. g3 Kf5 30. Ke3 Ke5 31. Kd3 Kf5 32. Ke3 Ke5
1/2-1/2

[Event "4NCL Online Division 2"]
[Site "online"]
[Date "2020.04.28"]
[Round "4.141"]
[White "Ireland, David J"]
[Black "Wilson, David Jn."]
[Result "1-0"]
[WhiteElo "2020"]
[BlackElo "2050"]
[PlyCount "90"]
[EventDate "2020.04.28"]
[WhiteTeam "Throw in the Tal"]
[BlackTeam "Mushrooms 1"]

1. e4 c5 2. Nc3 Nc6 3. f4 e6 4. Nf3 Bd6 5. e5 Bc7 6. g3 Nge7 7. Bg2 d6 8. exd6
Bxd6 9. Ne4 Bc7 10. Nxc5 O-O 11. c3 e5 12. fxe5 Nxe5 13. Nxe5 Bxe5 14. d4 Bd6
15. O-O Qb6 16. b4 a5 17. bxa5 Rxa5 18. Ne4 Bb8 19. Bd2 Qa7 20. a4 b5 21. axb5
Bd7 22. Rxa5 Qxa5 23. c4 Qa2 24. Nc5 Qxc4 25. Bg5 Bxb5 26. Bxe7 Re8 27. Re1 h6
28. Bf1 Qb4 29. Na6 Qa5 30. Bxb5 Qxb5 31. Bc5 Rxe1+ 32. Qxe1 Bxg3 33. hxg3 Qxa6
34. Qe8+ Kh7 35. Qxf7 Qd3 36. Kg2 Qe4+ 37. Qf3 Qc2+ 38. Kh3 Kg6 39. g4 Kg5 40.
Qd5+ Kg6 41. Qe6+ Kh7 42. Qf5+ Qxf5 43. gxf5 Kg8 44. Kg4 Kf7 45. d5 Kf6 1-0

[Event "4NCL Online Division 2"]
[Site "online"]
[Date "2020.04.28"]
[Round "4.142"]
[White "Linton, William A"]
[Black "Goodwin, Ed H"]
[Result "0-1"]
[WhiteElo "2027"]
[BlackElo "1930"]
[PlyCount "53"]
[EventDate "2020.04.28"]
[WhiteTeam "Mushrooms 1"]
[BlackTeam "Throw in the Tal"]

1. e4 c5 2. Nf3 a6 3. d4 cxd4 4. Nxd4 Nf6 5. Bd3 e6 6. Nc3 Qc7 7. O-O Nc6 8.
Nxc6 dxc6 9. Be3 e5 10. a4 Bg4 11. f3 Be6 12. a5 Be7 13. Qe2 Nd7 14. Bc4 Bxc4
15. Qxc4 Rc8 16. Rfd1 O-O 17. Rd2 Kh8 18. Rad1 Nf6 19. Bb6 Qb8 20. Na4 Ne8 21.
Rd7 Nd6 22. Qd3 Rfe8 23. Rxe7 Rxe7 24. Qxd6 Qxd6 25. Rxd6 h6 26. Nc5 Rce8 27.
Bd8 0-1

[Event "4NCL Online Division 2"]
[Site "online"]
[Date "2020.04.28"]
[Round "4.143"]
[White "Graff, Ben"]
[Black "Davies, Neil"]
[Result "0-1"]
[WhiteElo "1892"]
[BlackElo "1937"]
[PlyCount "122"]
[EventDate "2020.04.28"]
[WhiteTeam "Throw in the Tal"]
[BlackTeam "Mushrooms 1"]

1. d4 Nf6 2. Bf4 d5 3. e3 c6 4. c4 Bf5 5. Qb3 Qb6 6. c5 Qxb3 7. axb3 g6 8. Nc3
Nbd7 9. h3 Bg7 10. Nf3 Ne4 11. g4 Nxc3 12. bxc3 Be4 13. Bg2 e5 14. Bg3 O-O 15.
O-O f6 16. b4 a6 17. Ne1 Bxg2 18. Kxg2 Rae8 19. Nd3 g5 20. Nc1 f5 21. gxf5 Rxf5
22. Nb3 Re7 23. Na5 Nf8 24. Nb3 Ng6 25. Nd2 Ref7 26. e4 Nf4+ 27. Kh2 dxe4 28.
Nxe4 Rd7 29. Nd6 Rf8 30. Bxf4 Rxf4 31. Rae1 exd4 32. Re8+ Rf8 33. Rxf8+ Bxf8
34. Rg1 Bxd6+ 35. cxd6 Rxd6 36. Rxg5+ Kf7 37. c4 d3 38. Rg1 d2 39. Rd1 b6 40.
Kg3 c5 41. bxc5 bxc5 42. Kf3 Kf6 43. Ke2 Kf5 44. Rxd2 Rxd2+ 45. Kxd2 Kf4 46.
Kd3 Kf3 47. h4 h5 48. Kc2 Kxf2 49. Kd3 Kf3 50. Kc2 Kg4 51. Kb3 Kxh4 52. Ka4 Kg3
53. Ka5 h4 54. Kxa6 h3 55. Kb5 h2 56. Kxc5 h1=Q 57. Kb6 Qb1+ 58. Kc6 Kf4 59. c5
Ke5 60. Kc7 Kd5 61. c6 Qc2 0-1

[Event "4NCL Online Division 2"]
[Site "online"]
[Date "2020.04.28"]
[Round "4.144"]
[White "Kennedy, Craig"]
[Black "Woolgar, Steven G"]
[Result "1-0"]
[WhiteElo "1937"]
[BlackElo "1615"]
[PlyCount "147"]
[EventDate "2020.04.28"]
[WhiteTeam "Mushrooms 1"]
[BlackTeam "Throw in the Tal"]

1. e4 c5 2. Nf3 d6 3. d4 cxd4 4. Nxd4 Nf6 5. Nc3 a6 6. Be3 e5 7. Nb3 Be7 8. f3
O-O 9. Qd2 Be6 10. O-O-O Nbd7 11. a3 Bxb3 12. cxb3 Nc5 13. Kc2 Rc8 14. g4 b5
15. h4 Qc7 16. Bxc5 dxc5 17. g5 Nh5 18. Nd5 Qb7 19. Bh3 Rcd8 20. Qe3 b4 21. a4
a5 22. Bg4 Nf4 23. Nxf4 exf4 24. Qxf4 c4 25. Qe5 cxb3+ 26. Kxb3 Qa7 27. Qf4 Qa6
28. Qe3 Qc6 29. Qa7 Qc5 30. Qxc5 Bxc5 31. Bd7 g6 32. Rd5 Bb6 33. h5 Rb8 34. f4
Rfd8 35. hxg6 hxg6 36. f5 Rb7 37. Bc6 Re7 38. fxg6 fxg6 39. Rxd8+ Bxd8 40. Bd5+
Kg7 41. Kc4 Rc7+ 42. Kb5 Rc2 43. Rf1 Rc5+ 44. Ka6 Rc7 45. b3 Rd7 46. Kb5 Re7
47. Kc6 Rc7+ 48. Kd6 Ra7 49. Rg1 Rc7 50. e5 Rc3 51. e6 Re3 52. Kd7 Rd3 53. Kc6
Be7 54. Rf1 Rc3+ 55. Kd7 Bxg5 56. Rf7+ Kh6 57. e7 Bxe7 58. Rxe7 g5 59. Be4 g4
60. Rh7+ Kg5 61. Bd5 Kf4 62. Rf7+ Ke5 63. Bc4 g3 64. Rg7 Kf4 65. Kc6 Kf3 66.
Kb5 Kf2 67. Bd5 Rd3 68. Rg5 Kg1 69. Kxa5 Kh2 70. Kxb4 Rd4+ 71. Kc5 Rd2 72. a5
Kh3 73. a6 Ra2 74. Kb6 1-0

[Event "4NCL Online Division 2"]
[Site "online"]
[Date "2020.04.28"]
[Round "4.151"]
[White "Burrows, Martin P"]
[Black "Paulden, Tim"]
[Result "1-0"]
[WhiteElo "2125"]
[BlackElo "2057"]
[PlyCount "77"]
[EventDate "2020.04.28"]
[WhiteTeam "Wigston 1"]
[BlackTeam "Exeter Honey Badgers"]

1. e4 d5 2. exd5 Qxd5 3. Nc3 Qd8 4. d4 Nf6 5. Nf3 Bg4 6. h3 Bxf3 7. Qxf3 c6 8.
Be3 e6 9. O-O-O Nd5 10. Ne4 Be7 11. Kb1 Nd7 12. c4 Nxe3 13. fxe3 Nf6 14. Bd3
Nxe4 15. Qxe4 Qd7 16. Rhf1 f5 17. Qf3 O-O-O 18. Bc2 g6 19. Rd3 Kb8 20. Rfd1 Rc8
21. c5 Bd8 22. b4 Qd5 23. Qe2 Bf6 24. a4 e5 25. Bb3 Qe4 26. Qd2 exd4 27. exd4
Rhe8 28. Ka2 Rcd8 29. b5 cxb5 30. axb5 Qe2 31. d5 Bg5 32. Qxe2 Rxe2+ 33. Ka3
Rxg2 34. d6 Bf6 35. c6 bxc6 36. bxc6 Rc8 37. c7+ Rxc7 38. dxc7+ Kxc7 39. Rd7+
1-0

[Event "4NCL Online Division 2"]
[Site "online"]
[Date "2020.04.28"]
[Round "4.152"]
[White "Haynes, Josiah"]
[Black "Horspool, Philip J"]
[Result "1-0"]
[WhiteElo "2072"]
[BlackElo "2057"]
[PlyCount "158"]
[EventDate "2020.04.28"]
[WhiteTeam "Exeter Honey Badgers"]
[BlackTeam "Wigston 1"]

1. d4 Nf6 2. c4 c5 3. d5 b5 4. Nf3 e6 5. Bg5 d6 6. e4 Be7 7. Nfd2 Nxd5 8. cxd5
Bxg5 9. Bxb5+ Bd7 10. Bd3 exd5 11. exd5 Qe7+ 12. Qe2 Qxe2+ 13. Bxe2 Bf6 14. Nc3
Bf5 15. Nc4 Be7 16. O-O a6 17. Rfe1 Ra7 18. Nxd6+ Bxd6 19. Bg4+ Kd8 20. Bxf5 g6
21. Bh3 Nd7 22. Ne4 Bf8 23. f4 Bg7 24. Nd6 Rf8 25. Nc4 Bd4+ 26. Kf1 Nf6 27. Ne5
Kc7 28. Nc6 Rb7 29. Nxd4 cxd4 30. Rac1+ Kd6 31. Rc6+ Kxd5 32. Rxf6 Rxb2 33.
Rxa6 f5 34. g3 Kc4 35. Rc1+ Kd3 36. Ra3+ Kd2 37. Re1 d3 38. Ra7 Rc8 39. Bg2 Kc2
40. Bf3 Rb1 41. Rxb1 Kxb1 42. Rd7 Kc2 43. a4 Re8 44. Kf2 Re6 45. a5 Ra6 46. Rd5
Kc3 47. Ke3 Re6+ 48. Re5 Rd6 49. Rd5 Re6+ 50. Re5 Rd6 51. Rc5+ Kb4 52. Rd5 Re6+
53. Kxd3 Re1 54. a6 Ra1 55. Rd6 Ra3+ 56. Ke2 Ra2+ 57. Rd2 Rxa6 58. Bd5 h6 59.
Bf7 Rf6 60. Rd7 Kc5 61. Bg8 g5 62. Ke3 Rb6 63. Rd5+ Kc6 64. Rxf5 gxf4+ 65. Kxf4
Rb4+ 66. Ke5 Rb5+ 67. Kf6 Rb2 68. Rh5 Rf2+ 69. Kg6 Kd6 70. Rxh6 Ke7 71. Kg7 Rf3
72. g4 Ke8 73. g5 Rc3 74. Re6+ Kd8 75. h4 Rh3 76. Re4 Rc3 77. g6 Rc7+ 78. Bf7
Rc5 79. Kf8 Rc8 1-0

[Event "4NCL Online Division 2"]
[Site "online"]
[Date "2020.04.28"]
[Round "4.153"]
[White "Morley, Andrew J"]
[Black "Thorpe, Thomas"]
[Result "0-1"]
[WhiteElo "2065"]
[BlackElo "2027"]
[PlyCount "142"]
[EventDate "2020.04.28"]
[WhiteTeam "Wigston 1"]
[BlackTeam "Exeter Honey Badgers"]

1. e4 c5 2. Nf3 Nc6 3. d4 cxd4 4. Nxd4 g6 5. Nc3 Bg7 6. Be3 Nf6 7. Qd2 O-O 8.
Be2 d5 9. exd5 Nxd5 10. Nxd5 Qxd5 11. Bf3 Qc4 12. b3 Qa6 13. Be2 Qa3 14. Nb5
Qb2 15. O-O Bf5 16. c3 Qxd2 17. Bxd2 a6 18. Na3 Rfd8 19. Rfd1 Rxd2 20. Rxd2
Bxc3 21. Rad1 Bxd2 22. Rxd2 b5 23. Nc2 Rc8 24. Ne3 Be6 25. Bf3 Ne5 26. Bb7 Rc1+
27. Nd1 a5 28. Ba6 Bg4 29. f3 Nxf3+ 30. gxf3 Bxf3 31. Kf2 Rxd1 32. Rc2 Be4 33.
Rc8+ Kg7 34. Bxb5 f5 35. Rc7 Kf6 36. a4 Rd2+ 37. Kg3 Rg2+ 38. Kh3 Rg5 39. Bc6
Bd3 40. Bf3 f4 41. Rc6+ e6 42. Bg4 Bf5 43. Bxf5 gxf5 44. Rc3 Ke5 45. b4 axb4
46. Rb3 Kd5 47. Rxb4 e5 48. a5 f3 49. a6 Rg8 50. a7 Ra8 51. Ra4 f4 52. Ra5+ Ke4
53. Ra4+ Kf5 54. Ra3 e4 55. Ra5+ Ke6 56. Kg4 f2 57. Ra1 Rxa7 58. Rf1 e3 59. Kf3
Ra2 60. Rb1 Rd2 61. h4 h5 62. Ra1 Rc2 63. Rd1 Rb2 64. Ra1 Rb8 65. Ra6+ Kd7 66.
Ra7+ Kc6 67. Ra1 Rg8 68. Rc1+ Kd6 69. Rd1+ Ke6 70. Ra1 Rg1 71. Ra6+ Kd7 0-1

[Event "4NCL Online Division 2"]
[Site "online"]
[Date "2020.04.28"]
[Round "4.154"]
[White "Lowe, Chris"]
[Black "Lv, Jason"]
[Result "0-1"]
[WhiteElo "2027"]
[BlackElo "1907"]
[PlyCount "52"]
[EventDate "2020.04.28"]
[WhiteTeam "Exeter Honey Badgers"]
[BlackTeam "Wigston 1"]

1. e4 e5 2. d4 exd4 3. Bc4 Nf6 4. Nf3 Nxe4 5. Qxd4 Nf6 6. Nc3 Be7 7. Bg5 O-O 8.
O-O-O c6 9. Rhe1 d5 10. Qh4 Bf5 11. Nd4 Bg6 12. Bd3 h6 13. Bxh6 Ne4 14. Qg4
Nxf2 15. Qg3 Nxd3+ 16. cxd3 Bh4 17. Qg4 Bxe1 18. Nf5 Bxc3 19. bxc3 gxh6 20.
Nxh6+ Kg7 21. Nf5+ Kg8 22. Rf1 Re8 23. Nh6+ Kf8 24. Kc2 Qd6 25. Qf3 Qe6 26. Qf4
Bxd3+ 0-1

[Event "4NCL Online Division 2"]
[Site "online"]
[Date "2020.04.28"]
[Round "4.161"]
[White "Starley, Robert"]
[Black "Lock, Gavin R"]
[Result "1/2-1/2"]
[WhiteElo "2147"]
[BlackElo "2107"]
[PlyCount "83"]
[EventDate "2020.04.28"]
[WhiteTeam "Yorkshire Universities"]
[BlackTeam "Wessex Some Stars A"]

1. e4 e6 2. d4 d5 3. e5 c5 4. c3 Qb6 5. Nf3 Nc6 6. a3 Nh6 7. b4 cxd4 8. cxd4
Nf5 9. Bb2 Bd7 10. g4 Nfe7 11. Nc3 Ng6 12. Rc1 Qd8 13. h4 h5 14. g5 a6 15. Bd3
Nf4 16. Bb1 Ne7 17. Qd2 Nfg6 18. O-O Nf5 19. Bxf5 exf5 20. Rfe1 Be6 21. Ne2 Be7
22. Nf4 Nxf4 23. Qxf4 O-O 24. Rc2 Qd7 25. Rec1 Rfc8 26. Rxc8+ Rxc8 27. Rxc8+
Qxc8 28. Qc1 Qc4 29. Qxc4 dxc4 30. Nd2 Bd8 31. f4 b5 32. Kf2 Bb6 33. Ke3 Kf8
34. Nb1 Ke7 35. Nc3 Kd7 36. Bc1 Kc6 37. Bd2 g6 38. Be1 Bc7 39. Bf2 Bb6 40. Ke2
Bd5 41. Be3 Bd8 42. Bd2 1/2-1/2

[Event "4NCL Online Division 2"]
[Site "online"]
[Date "2020.04.28"]
[Round "4.162"]
[White "Wilson, Jaimie"]
[Black "Wagg, Joel"]
[Result "1-0"]
[WhiteElo "2097"]
[BlackElo "1967"]
[PlyCount "55"]
[EventDate "2020.04.28"]
[WhiteTeam "Wessex Some Stars A"]
[BlackTeam "Yorkshire Universities"]

1. e4 c5 2. Nf3 d6 3. Bb5+ Nc6 4. O-O Bd7 5. Re1 a6 6. Bf1 e5 7. c3 Bg4 8. h3
Bxf3 9. Qxf3 Nge7 10. Bc4 f6 11. a4 Qd7 12. Na3 f5 13. d3 f4 14. Nc2 Ng6 15. b4
cxb4 16. Nxb4 Nxb4 17. cxb4 h5 18. d4 Nh4 19. Qb3 Rh6 20. Rd1 Rg6 21. dxe5
Rxg2+ 22. Kf1 f3 23. Be6 Qc6 24. Bf4 Qxe4 25. Bf7+ Kd8 26. Be3 Rh2 27. Bb6+ Kc8
28. Qe6+ 1-0

[Event "4NCL Online Division 2"]
[Site "online"]
[Date "2020.04.28"]
[Round "4.163"]
[White "Lopez Cadenas, Nestor"]
[Black "Lukosius, Rolandas"]
[Result "0-1"]
[WhiteElo "1933"]
[BlackElo "2094"]
[PlyCount "60"]
[EventDate "2020.04.28"]
[WhiteTeam "Yorkshire Universities"]
[BlackTeam "Wessex Some Stars A"]

1. Nf3 Nf6 2. c4 g6 3. d4 Bg7 4. Nc3 O-O 5. e4 d6 6. Be2 e5 7. O-O Nc6 8. d5
Ne7 9. b4 Nh5 10. Ne1 Nf4 11. Nd3 f5 12. f3 g5 13. Be3 Neg6 14. Bf2 h5 15. c5
g4 16. Rc1 Bh6 17. Rc2 Rf7 18. cxd6 cxd6 19. Nb5 a6 20. Na3 Bd7 21. Nc4 Ba4 22.
Nb6 Bxc2 23. Qxc2 Rb8 24. exf5 Nxe2+ 25. Qxe2 gxf3 26. Qxf3 Qg5 27. Nc4 Rxf5
28. Qe4 Nf4 29. Nxd6 Nh3+ 30. Kh1 Nxf2+ 0-1

[Event "4NCL Online Division 2"]
[Site "online"]
[Date "2020.04.28"]
[Round "4.164"]
[White "Pye, David E"]
[Black "Chen, Matthew"]
[Result "1-0"]
[WhiteElo "2055"]
[BlackElo "1892"]
[PlyCount "103"]
[EventDate "2020.04.28"]
[WhiteTeam "Wessex Some Stars A"]
[BlackTeam "Yorkshire Universities"]

1. e4 e5 2. Nf3 Nc6 3. Bb5 a6 4. Bxc6 dxc6 5. d4 exd4 6. Qxd4 Bg4 7. Nbd2 Qxd4
8. Nxd4 O-O-O 9. N2b3 c5 10. Ne2 Bd6 11. f3 Bd7 12. Bf4 Be7 13. Nc3 Be6 14. Be3
b6 15. Kf2 Nf6 16. Rad1 h6 17. h3 g5 18. Rxd8+ Rxd8 19. h4 Rg8 20. hxg5 hxg5
21. g4 Nd7 22. Nc1 Ne5 23. Nd3 Nc4 24. Bc1 Bf6 25. Nd1 Ne5 26. Nxe5 Bxe5 27. a3
f6 28. Ne3 Rd8 29. Ke2 Kb7 30. b3 b5 31. Bd2 Rd7 32. Nf5 c4 33. b4 a5 34. bxa5
Kb8 35. Rh8+ Kb7 36. Re8 Bf7 37. Re7 Rxe7 38. Nxe7 Bb2 39. Bb4 Bd4 40. Nf5 Be5
41. Kd2 Be6 42. Bc3 Bf4+ 43. Ke2 Ka6 44. Ng7 Bf7 45. Nh5 c5 46. Nxf6 Bc1 47.
Nh7 Bg6 48. Kd1 Bxa3 49. Nxg5 b4 50. f4 Kxa5 51. f5 Be8 52. f6 1-0

[Event "4NCL Online Division 2"]
[Site "online"]
[Date "2020.05.05"]
[Round "5.11"]
[White "Gogia, Armaan"]
[Black "Tanmay Chopra"]
[Result "1/2-1/2"]
[WhiteElo "1990"]
[BlackElo "2273"]
[PlyCount "54"]
[EventDate "2020.05.05"]
[WhiteTeam "Ashfield Anonymous A"]
[BlackTeam "Harrow 1"]

1. e4 e5 2. Nf3 Nc6 3. Bb5 a6 4. Ba4 Nf6 5. Qe2 b5 6. Bb3 Bc5 7. c3 O-O 8. d3
Re8 9. O-O d6 10. h3 h6 11. Rd1 Bd7 12. Nbd2 Bb6 13. Nf1 Ne7 14. g4 Ng6 15. Ng3
Nf4 16. Bxf4 exf4 17. Nf5 Bxf5 18. gxf5 c5 19. Qd2 c4 20. Bc2 cxd3 21. Bxd3
Nxe4 22. Bxe4 Rxe4 23. Qxd6 Re2 24. Qxd8+ Rxd8 25. Rxd8+ Bxd8 26. Re1 Rxe1+ 27.
Nxe1 g5 1/2-1/2

[Event "4NCL Online Division 2"]
[Site "online"]
[Date "2020.05.05"]
[Round "5.12"]
[White "Nettleton, Charlie B"]
[Black "Combie, Alex B"]
[Result "1-0"]
[WhiteElo "2125"]
[BlackElo "1990"]
[PlyCount "73"]
[EventDate "2020.05.05"]
[WhiteTeam "Harrow 1"]
[BlackTeam "Ashfield Anonymous A"]

1. Nf3 Nf6 2. e3 g6 3. b3 Bg7 4. Bb2 O-O 5. c4 d6 6. d4 Nbd7 7. Nc3 e5 8. Qc2
Re8 9. Be2 c6 10. O-O Nf8 11. Rfd1 Qe7 12. Ba3 Bf5 13. Qd2 Ne4 14. Nxe4 Bxe4
15. dxe5 Bxf3 16. Bxd6 Qg5 17. Bxf3 Rad8 18. Qb4 Rd7 19. c5 Bxe5 20. Bxe5 Rxd1+
21. Rxd1 Qxe5 22. Qxb7 f5 23. Qxc6 Kh8 24. Qd5 Qe7 25. g3 Ne6 26. Qd7 Nxc5 27.
Qxe7 Rxe7 28. b4 Na4 29. Rd2 Rc7 30. Kg2 Rc4 31. b5 Nc3 32. Bc6 Ne4 33. Bxe4
fxe4 34. Rd8+ Kg7 35. Rd7+ Kh6 36. Rxa7 Rb4 37. a4 1-0

[Event "4NCL Online Division 2"]
[Site "online"]
[Date "2020.05.05"]
[Round "5.13"]
[White "Truman, Richard G"]
[Black "Coles, Steven F"]
[Result "1/2-1/2"]
[WhiteElo "1990"]
[BlackElo "2080"]
[PlyCount "65"]
[EventDate "2020.05.05"]
[WhiteTeam "Ashfield Anonymous A"]
[BlackTeam "Harrow 1"]

1. d4 c6 2. c4 d5 3. Nf3 Nf6 4. g3 Bf5 5. Bg2 e6 6. O-O Nbd7 7. b3 Be7 8. Nc3
O-O 9. Bb2 h6 10. Re1 Ne4 11. Nd2 Nxd2 12. Qxd2 Nf6 13. e4 dxe4 14. Nxe4 Nxe4
15. Bxe4 Bxe4 16. Rxe4 Bf6 17. Rd1 Qd6 18. Rg4 h5 19. Re4 Rfd8 20. Qe2 g6 21.
Re1 Bg7 22. h4 c5 23. dxc5 Qxc5 24. Bxg7 Kxg7 25. Qb2+ Kg8 26. Qf6 Qf5 27. Qe7
Rd1 28. Rxd1 Qxe4 29. Rd7 Qe1+ 30. Kg2 Qe4+ 31. Kg1 Qe1+ 32. Kg2 Qe4+ 33. Kg1
1/2-1/2

[Event "4NCL Online Division 2"]
[Site "online"]
[Date "2020.05.05"]
[Round "5.14"]
[White "Chan, Nevil"]
[Black "Garnett, John S"]
[Result "1/2-1/2"]
[WhiteElo "2042"]
[BlackElo "1982"]
[PlyCount "104"]
[EventDate "2020.05.05"]
[WhiteTeam "Harrow 1"]
[BlackTeam "Ashfield Anonymous A"]

1. d4 Nf6 2. Nc3 c5 3. d5 d6 4. e4 g6 5. Be2 Bg7 6. Nf3 O-O 7. Nd2 b6 8. a4 Ba6
9. Nb5 Bxb5 10. axb5 Qc8 11. O-O a5 12. Nc4 Qc7 13. f3 Nbd7 14. c3 Rfe8 15. g4
Nf8 16. Bf4 N6d7 17. Qd2 Ne5 18. Bxe5 Bxe5 19. f4 Bg7 20. Bf3 Rad8 21. Rad1 Qd7
22. Be2 Rb8 23. Kg2 Qb7 24. Bf3 Qd7 25. Be2 Qb7 26. Kg3 Qc7 27. g5 Nd7 28. Ne3
f6 29. h4 c4 30. Bxc4 Nc5 31. Bd3 e5 32. f5 fxg5 33. f6 gxh4+ 34. Kh2 Bxf6 35.
Rxf6 Qe7 36. Rdf1 Rf8 37. Rxf8+ Rxf8 38. Rxf8+ Qxf8 39. Nd1 Qf3 40. Bc2 Qg3+
41. Kh1 h3 42. Qf2 Qg5 43. Ne3 h5 44. Kh2 Nd7 45. Qg3 Qh6 46. Kxh3 g5 47. Nf5
g4+ 48. Kh2 Qd2+ 49. Qg2 Qf4+ 50. Qg3 Qd2+ 51. Qg2 Qf4+ 52. Qg3 Qd2+ 1/2-1/2

[Event "4NCL Online Division 2"]
[Site "online"]
[Date "2020.05.05"]
[Round "5.21"]
[White "Bak, Christopher"]
[Black "Gayson, Peter M"]
[Result "1/2-1/2"]
[WhiteElo "2095"]
[BlackElo "2150"]
[PlyCount "98"]
[EventDate "2020.05.05"]
[WhiteTeam "Bradford DCA Knights A"]
[BlackTeam "Chessable White Rose 2"]

1. c4 e5 2. Nc3 d6 3. g3 f5 4. d4 Be7 5. Bh3 Nf6 6. Nf3 e4 7. Nh4 g6 8. O-O O-O
9. f3 Nc6 10. Bg5 Nh5 11. Bxe7 Qxe7 12. fxe4 f4 13. Bg2 fxg3 14. Rxf8+ Kxf8 15.
Nf3 gxh2+ 16. Kxh2 Bg4 17. Qd2 Kg7 18. Rf1 Rf8 19. Qe3 Bxf3 20. Rxf3 Rxf3 21.
exf3 Qh4+ 22. Kg1 Nf4 23. Nd5 Ne6 24. f4 Nexd4 25. e5 Nf5 26. Qc3 Ncd4 27. exd6
Kh6 28. Qd2 cxd6 29. Qf2 Qg4 30. Ne3 Ne2+ 31. Kf1 Nxe3+ 32. Qxe3 Nxf4 33. Bxb7
Qd1+ 34. Kf2 g5 35. Be4 Qg4 36. b4 Qh4+ 37. Kf1 Qh2 38. c5 dxc5 39. bxc5 Qxa2
40. Bf3 Qb1+ 41. Kf2 Nd3+ 42. Kg3 Nf4 43. c6 Qc2 44. Qd4 Nh5+ 45. Bxh5 Kxh5 46.
Qg4+ Kh6 47. Qe6+ Kh5 48. Qg4+ Kh6 49. Qe6+ Kh5 1/2-1/2

[Event "4NCL Online Division 2"]
[Site "online"]
[Date "2020.05.05"]
[Round "5.22"]
[White "Edwards-Wright, Miles D"]
[Black "Ther, Mate"]
[Result "1/2-1/2"]
[WhiteElo "1915"]
[BlackElo "2080"]
[PlyCount "94"]
[EventDate "2020.05.05"]
[WhiteTeam "Chessable White Rose 2"]
[BlackTeam "Bradford DCA Knights A"]

1. e4 e5 2. Nf3 Nc6 3. Bb5 a6 4. Bxc6 dxc6 5. O-O Qd6 6. Na3 b5 7. c3 f6 8. d4
Qe6 9. Be3 Bd6 10. Qd3 Ne7 11. dxe5 fxe5 12. c4 Ng6 13. Rfd1 h6 14. c5 Be7 15.
Nc2 O-O 16. Nce1 a5 17. a3 Rf7 18. Rd2 Nf8 19. h3 g5 20. a4 b4 21. b3 Ba6 22.
Qc2 Ng6 23. Rad1 Raf8 24. Rd7 Bf6 25. Rxf7 Rxf7 26. Nh2 h5 27. Nf1 g4 28. hxg4
hxg4 29. Nd3 Bh4 30. Ng3 Ne7 31. Qb2 Ng6 32. Nf5 Rxf5 33. exf5 Qxf5 34. Qd2 Ne7
35. g3 Bf6 36. Ne1 Nd5 37. Ng2 Nc3 38. Re1 Bd3 39. Nh4 Bxh4 40. gxh4 Nd5 41.
Bg5 Qf3 42. Bh6 Kf7 43. Qg5 Be4 44. Qg7+ Ke6 45. Qg8+ Kd7 46. Qg7+ Ke6 47. Qg8+
Kd7 1/2-1/2

[Event "4NCL Online Division 2"]
[Site "online"]
[Date "2020.05.05"]
[Round "5.23"]
[White "Barker, Arron"]
[Black "Wills, Tom"]
[Result "0-1"]
[WhiteElo "1847"]
[BlackElo "1967"]
[PlyCount "128"]
[EventDate "2020.05.05"]
[WhiteTeam "Bradford DCA Knights A"]
[BlackTeam "Chessable White Rose 2"]

1. e4 c6 2. d4 d5 3. exd5 cxd5 4. Bd3 Nc6 5. Nf3 Bg4 6. c3 e6 7. O-O Nf6 8. Bg5
Be7 9. Nbd2 O-O 10. Re1 h6 11. Bh4 Nh5 12. Bg3 Qb6 13. Qb3 Nxg3 14. hxg3 Bh5
15. Qxb6 axb6 16. Ne5 Nxe5 17. Rxe5 g5 18. f3 Bd6 19. Re2 Bxg3 20. Nf1 Bc7 21.
g4 Bg6 22. Bxg6 fxg6 23. Kg2 Rf6 24. Nd2 h5 25. a3 h4 26. Rae1 Bg3 27. Rc1 Bf4
28. Rce1 Kf7 29. Nb3 Rh8 30. Rh1 Bd6 31. Nd2 Ke7 32. a4 Kd7 33. Rh3 Ra8 34. b3
Rc8 35. c4 Rf4 36. Rh1 Rxd4 37. Rhe1 Bf4 38. Nf1 e5 39. Ne3 Bxe3 40. Rxe3 Rd2+
41. Kg1 Rf8 42. cxd5 Rxd5 43. Rxe5 Rd3 44. Rxg5 Rf6 45. b4 Rdxf3 46. Rd1+ Kc7
47. a5 Rb3 48. axb6+ Kxb6 49. Kg2 Rb2+ 50. Kg1 Rxb4 51. Rd2 Rb5 52. Rgd5 Rxd5
53. Rxd5 Kc6 54. Re5 b5 55. Kg2 b4 56. Kh3 Kb6 57. Kxh4 Rc6 58. Re3 Kb5 59. Kg5
Ka4 60. Re1 b3 61. Ra1+ Kb4 62. Kf4 b2 63. Re1 Rc1 64. Re4+ Rc4 0-1

[Event "4NCL Online Division 2"]
[Site "online"]
[Date "2020.05.05"]
[Round "5.24"]
[White "Parkhouse, Max"]
[Black "Johnson, Paul A"]
[Result "1/2-1/2"]
[WhiteElo "1832"]
[BlackElo "1812"]
[PlyCount "73"]
[EventDate "2020.05.05"]
[WhiteTeam "Chessable White Rose 2"]
[BlackTeam "Bradford DCA Knights A"]

1. d4 d5 2. Bf4 Nf6 3. e3 Bf5 4. c4 c6 5. Nc3 e6 6. Qb3 Qb6 7. c5 Qxb3 8. axb3
Nbd7 9. b4 a6 10. b5 cxb5 11. Nxb5 Rc8 12. Nc7+ Kd8 13. Nxa6 bxa6 14. Rxa6 Nxc5
15. dxc5 Bxc5 16. Bb5 Ke7 17. Ne2 Bb4+ 18. Nc3 Ne4 19. O-O Nxc3 20. bxc3 Bxc3
21. Bg5+ Bf6 22. Ra7+ Kf8 23. Bxf6 gxf6 24. Rfa1 Kg7 25. f3 h5 26. h3 Rc3 27.
Kf2 Rc2+ 28. Kf1 Rhc8 29. Rb7 Rd2 30. Re1 Rcc2 31. Re2 Rc1+ 32. Kf2 Rxe2+ 33.
Bxe2 Rc2 34. Ke1 Rc1+ 35. Kf2 e5 36. Ra7 Rc2 37. Ke1 1/2-1/2

[Event "4NCL Online Division 2"]
[Site "online"]
[Date "2020.05.05"]
[Round "5.31"]
[White "Frostick, Clive A"]
[Black "Savidge, Daniel"]
[Result "1-0"]
[WhiteElo "2108"]
[BlackElo "2155"]
[PlyCount "103"]
[EventDate "2020.05.05"]
[WhiteTeam "CSC 1"]
[BlackTeam "Bristol University A"]

1. e4 d6 2. d4 Nf6 3. Nc3 Nbd7 4. Nf3 e5 5. Bc4 Be7 6. O-O c6 7. a4 Qc7 8. Re1
h6 9. Ba2 Nf8 10. Nh4 g6 11. a5 N6h7 12. Nf3 Bg4 13. h3 Bxf3 14. Qxf3 Ng5 15.
Qd3 Nfe6 16. d5 Nc5 17. Qc4 Bf6 18. b4 Na6 19. h4 cxd5 20. Nxd5 Qxc4 21. Nxf6+
Ke7 22. Bxc4 Kxf6 23. hxg5+ hxg5 24. Rb1 Rac8 25. Bd3 Nc7 26. Be3 a6 27. c4 Ne6
28. g3 Ke7 29. Kg2 Rhf8 30. f3 f5 31. Rh1 f4 32. Bf2 Rf7 33. Rh6 Kf6 34. Rbh1
Rcf8 35. g4 Rc8 36. Rh7 Nf8 37. Rxf7+ Kxf7 38. c5 dxc5 39. Bxc5 Ne6 40. Bc4 Kf6
41. Rh7 Ng7 42. Bd5 Rc7 43. Rh8 Ne6 44. Bxe6 Kxe6 45. Rd8 Kf7 46. Rf8+ Kg7 47.
Rb8 Kf7 48. Rd8 Kg7 49. Kf2 Kf7 50. Ke2 Kg7 51. Kd3 Kf7 52. Kc4 1-0